Normal view
MARC view
- Berdos, Jayson C.
Entry Personal Name
001 - CONTROL NUMBER
- control field: 2309
003 - CONTROL NUMBER IDENTIFIER
- control field: URS
005 - DATE AND TIME OF LATEST TRANSACTION
- control field: 20220904150556.0
008 - FIXED-LENGTH DATA ELEMENTS
- fixed length control field: 220904|| aca||aabn | a|a d
040 ## - CATALOGING SOURCE
- Original cataloging agency: URS
100 ## - HEADING--PERSONAL NAME
- Personal name: Berdos, Jayson C.
- Relator term: author


































